000 00642nam a2200181Ia 4500
003 GCL
005 20240530095305.0
008 140319s9999 xx 000 0 ara d
040 _aGCL /
_cGCL
082 0 4 _a301.20962
_bق/ط ع
100 1 _aطلعت رضوان
245 1 0 _aالعسكر فى جبة الشيوخ :
_bالاصولية الاسلامية قبل وبعد 1952 /
_cطلعت رضوان
260 _aالقاهرة :
_bمركز القاهرة لدراسات حقوق الانسان ،
_c2003
300 _a177 ص ؛
_c24 سم
650 0 4 _aالثقافة
650 0 4 _aالثقافة - تاريخ - مصر
942 _2ddc
_cBK
999 _c5828
_d5828